书目信息 |
| 书名: | How to find out | |
| 作者: | G. Chandler. | |
| 分册号: | ||
| 分册名: | 出版地: | Oxford ; |
|
| 出版社: | Pergamon Press | |
| 出版时间: | c1982. | |
| 页数: | xviii, 250 p. ; | |
| 开本: | 22 cm. | |
| 丛书名: | ||
| 中图分类号: | ||
| 科图分类号: | ||
| 其他分类号: | G358 | |
| 主题词: | ||
| 电子资源: | ||
| 000 | 00763nam 2200241Ia 4504 | |
| 001 | E0730066114 | |
| 005 | 20070226082423.84 | |
| 008 | 040420s1982 enk b 00110 eng d | |
| 010 | @a80042154 | |
| 020 | @a0080274331. | |
| 040 | @aYRM@cYRM@dWSU | |
| 090 | @aI229/W42 | |
| 090 | @aG358 | |
| 099 | @dG358@ex7=5 | |
| 100 | 1 | @aChandler, George,@d1915- |
| 245 | 10 | @aHow to find out :@bprinted and on-line sources / @cG. Chandler. |
| 250 | @a5th ed. | |
| 260 | 0 | @aOxford ;@aNew York :@bPergamon Press,@cc1982. |
| 300 | @axviii, 250 p. ;@c22 cm. | |
| 490 | 0 | @aPergamon international library of science, technology, engineering and social studies. |
| 500 | @aIncludes index. | |
| 650 | 0 | @aReference books@xBibliography. |
| 920 | @a232010@z2 | |
| How to find out : : printed and on-line sources / / G. Chandler.-5th ed.-Oxford ; ; New York : : Pergamon Press, , c1982. |
| xviii, 250 p. ; ; 22 cm.- (Pergamon international library of science, technology, engineering and social studies. ) |
| Includes index. |
| ISBN 0080274331. |
| ● |
| 相关链接 |
|
|
|
|
正题名:How to find out
索取号:G358/x7=5
 
预约/预借
| 序号 | 登录号 | 条形码 | 馆藏地/架位号 | 状态 | 备注 |
| 1 | 182698 | 001170832 | 第二样本阅览室/ [索取号:G358/x7=5] | 在馆 | |
| 2 | 182699 | 001171626 | 第四借阅区/ [索取号:G358/x7=5] | 在馆 | |
| 3 | 182700 | 001171671 | 第四借阅区/ [索取号:G358/x7=5] | 在馆 | |
| 4 | 182701 | 001171653 | 第四借阅区/ [索取号:G358/x7=5] | 在馆 | |
| 5 | 182702 | 001171635 | 第四借阅区/ [索取号:G358/x7=5] | 在馆 |